Comercialización de granos /
Guardado en:
| Autor Principal: | |
|---|---|
| Formato: | Libro |
| Publicado: |
Buenos Aires :
Hemisferio Sur,
1980
|
| Materias: | |
| Etiquetas: |
Agregar Etiqueta
Sin Etiquetas, Sea el primero en etiquetar este registro!
|
| LEADER | 01342nam a22002295a 4500 | ||
|---|---|---|---|
| 001 | CEM.cems015786 | ||
| 008 | 130507s1980##################000#0#####d | ||
| 005 | 20230412102709.0 | ||
| 245 | 1 | 0 | |a Comercialización de granos / |c Adolfo A. Coscia |
| 260 | |a Buenos Aires : |b Hemisferio Sur, |c 1980 | ||
| 300 | |a 244 p. | ||
| 505 | 0 | |a Demanda y oferta de granos -- Comercialización de granos -- Comercialización primaria o acopio -- Comercialización secundaria o mayorista -- Mercado internacional y exportación de granos -- Mercado a término -- Precio de los granos -- Funciones físicas de la comercialización de granos -- Transporte e industrialización primaria -- Normas de calidad -- Información de mercado -- Investigación y promoción de mercado y financiación de la comercialización -- El cooperativismo y el estado en el comercio de granos -- Normas prácticas para la comercialización de granos | |
| 100 | 1 | |a Coscia, Adolfo A. | |
| 082 | 0 | 4 | |a 338.17 |
| 653 | |a Cereales-precio | ||
| 653 | |a Cereales-acopio | ||
| 653 | |a Cereales-normas de calidad | ||
| 653 | |a Cereales-mercados | ||
| 653 | |a Cereales-comercialización | ||
| 859 | |a CEMS |b BIB. CEMS - Agricultura |h 338.17 |i C82 |p A11489.82 |t Ej.1 | ||
| 859 | |a CEMS |b BIB. CEMS - Agricultura |h 338.17 |i C82 |p A18254.95 |t Ej.2 | ||
| 859 | |a CEMS |b BIB. CEMS - Agricultura |h 338.17 |i C82 |p A3490.23 |t Ej.3 | ||
